Využívanie metód Data Mining pri prognózovaní v energetike
Skúmanie, ako je možné pomocou sofistikovanej metódy rozhodovacieho stromu zvýšiť presnosť predpovedania aktuálneho čistého priemerného hodinového výkonu elektrickej energie v reálnom čase. Elektráreň s kombinovaným cyklom. Použitie rozhodovacích stromov.
Gespeichert in:
| 1. Verfasser: | |
|---|---|
| Weitere Verfasser: | |
| Format: | Buchkapitel |
| Sprache: | Slowakisch |
| Schlagworte: | |
| Tags: |
Keine Tags, Fügen Sie das erste Tag hinzu!
|
MARC
| LEADER | 00000naa a2200000 4500 | ||
|---|---|---|---|
| 001 | 0271710 | ||
| 005 | 20240502074303.0 | ||
| 041 | 0 | |a slo | |
| 044 | |a SK | ||
| 245 | 1 | 0 | |a Využívanie metód Data Mining pri prognózovaní v energetike |c Miloš Pachta, Michal Tkáč ml. |
| 520 | |a Skúmanie, ako je možné pomocou sofistikovanej metódy rozhodovacieho stromu zvýšiť presnosť predpovedania aktuálneho čistého priemerného hodinového výkonu elektrickej energie v reálnom čase. Elektráreň s kombinovaným cyklom. Použitie rozhodovacích stromov. | ||
| 610 | 2 | 0 | |a výroba energie |
| 610 | 2 | 0 | |a energia elektrická |
| 610 | 2 | 0 | |a predaj |
| 610 | 2 | 0 | |a trh energetický |
| 100 | 1 | |a Pachta, Miloš | |
| 700 | 1 | |a Tkáč, Michal, ml., 1984- | |